000 02065nam0a22003851 4500
001 rc\4221079
005 20250612021128.0
021 _aRU
_b[62-60439]
035 _a(NLR Aleph) 008458776
090 _a7855807
_c7855807
100 _a20130416d1962 |||y0rusy50 ca
101 1 _arus
_ceng
102 _aRU
105 _ay z |||||
200 1 _aОценки вблизи границы решений эллиптических уравнений в частных производных при общих граничных условиях
_e1
_fПер. с англ. Л.Р. Волевича
_gПод ред. М.И. Вишика
210 _aМосква
_cИзд-во иностр. лит.
_d1962
215 _a205 с.
_d20
225 1 _aБиблиотека сборника "Математика"
300 _aДоп. тит. л.: Estimates near the boundary for solutions of elliptic partial differential equations satisfying general boundary conditions. I.S. Agmon, A. Douglis, L. Nirenberg. New York, Interscience publ. (Communications on pure and applied mathematics, vol. 12)
300 _aПеред загл. авт.: С. Агмон, А. Дуглис и Л. Ниренберг
300 _aНа обл. загл.: Оценки решений эллиптических уравнений вблизи границы
320 _aБиблиогр.: с. 195-203
512 0 _aОценки решений эллиптических уравнений вблизи границы
513 0 _aEstimates near the boundary for solutions of elliptic partial differential equations satisfying general boundary conditions
606 _aДифференциальные уравнения, эллиптические
_xРешение
_2psbo
700 1 _aАгмон
_bС.
701 1 _aДуглис
_bА.
701 1 _aНиренберг
_bЛ.
702 1 _aВолевич
_bЛ.Р.
_4730
702 1 _aВишик
_bМ.И.
_4340
801 0 _aRU
_bNLR
_gpsbo
801 1 _aRU
_bELAR
_2rusmarc
852 _aNLR
_j62-3/4321
942 _cBOOK
980 _aNB